<?xml version="1.0" encoding="UTF-8"?>
<record
    xmlns:xsi="http://www.w3.org/2001/XMLSchema-instance"
    xsi:schemaLocation="http://www.loc.gov/MARC21/slim http://www.loc.gov/standards/marcxml/schema/MARC21slim.xsd"
    xmlns="http://www.loc.gov/MARC21/slim">

  <leader>00641nam a22001697a 4500</leader>
  <controlfield tag="005">20231025064002.0</controlfield>
  <controlfield tag="008">231025b        |||||||| |||| 00| 0 eng d</controlfield>
  <datafield tag="020" ind1=" " ind2=" ">
    <subfield code="a">9781601560810</subfield>
  </datafield>
  <datafield tag="041" ind1=" " ind2=" ">
    <subfield code="a">English</subfield>
  </datafield>
  <datafield tag="082" ind1=" " ind2=" ">
    <subfield code="a">347.1 HEA</subfield>
  </datafield>
  <datafield tag="100" ind1=" " ind2=" ">
    <subfield code="a">Heard HR, Walker SL with Cooley JW</subfield>
    <subfield code="l">English</subfield>
  </datafield>
  <datafield tag="245" ind1=" " ind2=" ">
    <subfield code="a">International Commercial Arbitration Advocacy :</subfield>
    <subfield code="b">A Practitioner's Guide for American Lawyers /</subfield>
    <subfield code="c">HR Heard, SL Walker with JW Cooley</subfield>
  </datafield>
  <datafield tag="260" ind1=" " ind2=" ">
    <subfield code="a">United States of America :</subfield>
    <subfield code="b">National Institute for Trail Advocacy,</subfield>
    <subfield code="c">2010</subfield>
  </datafield>
  <datafield tag="300" ind1=" " ind2=" ">
    <subfield code="b">x, 249 pages ;</subfield>
    <subfield code="c">26,2 cm.</subfield>
    <subfield code="e">CD</subfield>
  </datafield>
  <datafield tag="650" ind1=" " ind2=" ">
    <subfield code="a">Legal practice</subfield>
    <subfield code="b">Law</subfield>
  </datafield>
  <datafield tag="942" ind1=" " ind2=" ">
    <subfield code="c">BK</subfield>
    <subfield code="6">ALISON_BN_VRIES</subfield>
  </datafield>
  <datafield tag="999" ind1=" " ind2=" ">
    <subfield code="c">36</subfield>
    <subfield code="d">36</subfield>
  </datafield>
  <datafield tag="952" ind1=" " ind2=" ">
    <subfield code="0">0</subfield>
    <subfield code="1">0</subfield>
    <subfield code="2">ddc</subfield>
    <subfield code="4">0</subfield>
    <subfield code="6">347_100000000000000_HEA</subfield>
    <subfield code="7">0</subfield>
    <subfield code="8">TXBK</subfield>
    <subfield code="9">64</subfield>
    <subfield code="a">LSN</subfield>
    <subfield code="b">LSN</subfield>
    <subfield code="c">CPC</subfield>
    <subfield code="d">2023-10-25</subfield>
    <subfield code="l">0</subfield>
    <subfield code="o">347.1 HEA</subfield>
    <subfield code="p">LSN/2016/25</subfield>
    <subfield code="r">2023-10-25 00:00:00</subfield>
    <subfield code="w">2023-10-25</subfield>
    <subfield code="y">BK</subfield>
  </datafield>
</record>
